Digital Evidence And Computer Crime (Record no. 213118)

MARC details
000 -LEADER
fixed length control field 00552nam a2200181Ia 4500
008 - FIXED-LENGTH DATA ELEMENTS--GENERAL INFORMATION
fixed length control field 230714s9999 xx 000 0 und d
020 ## - INTERNATIONAL STANDARD BOOK NUMBER
International Standard Book Number 9790000000000
041 ## - LANGUAGE CODE
Language code of text/sound track or separate title eng
082 ## - DEWEY DECIMAL CLASSIFICATION NUMBER
Classification number 345.064
Item number CAS
100 ## - MAIN ENTRY--PERSONAL NAME
Personal name Casey E.
9 (RLIN) 196510
245 ## - TITLE STATEMENT
Title Digital Evidence And Computer Crime
Remainder of title Forensic Science, Computer And The Internet
250 ## - EDITION STATEMENT
Edition statement 3rd ed.
260 ## - PUBLICATION, DISTRIBUTION, ETC. (IMPRINT)
Date of publication, distribution, etc. 2014
Name of publisher, distributor, etc. Academic Press/Elsevier
300 ## - PHYSICAL DESCRIPTION
Extent 807
Accompanying material [OBSOLETE, CAN/MARC] Ref 1544 C (48698)
365 ## - TRADE PRICE
Currency code Rs.
Price amount 625.00
700 ## - ADDED ENTRY--PERSONAL NAME
Personal name Casey E.
9 (RLIN) 196510
906 ## - LOCAL DATA ELEMENT F, LDF (RLIN)
d O:0405805-Aug-2014B:7330-Jul-2014
c COMP
b 3900

No items available.